| 000 | 00636nam a2200205 i 4500 | ||
|---|---|---|---|
| 001 | 128235 | ||
| 003 | ES-MaACL | ||
| 005 | 20230906193214.0 | ||
| 007 | t| | ||
| 008 | 070626s1990 fr ||||1| fre d | ||
| 080 | _a811.133.1'355 | ||
| 100 | 1 |
_aPagniez-Delbart, Thérèse. _988301 |
|
| 245 | 1 | 0 |
_a· l'écoute dens sons / _cThérèse Pagniez-Delbart. |
| 260 |
_aParis : _bCLE International, _c[1990] |
||
| 300 |
_a144 p. : _bil. ; _c17 cm. |
||
| 500 | _aBiblioteca Jacinto Martínez Lacalle. | ||
| 505 | 8 | _aContiene: Les voyelles | |
| 650 | 1 | 4 |
_aLengua francesa- _xPronunciación. _914229 |
| 852 |
_aES-MaACL _jE-11760 _bR.139904 |
||
| 999 |
_c128235 _d128235 |
||